La expresión de la irrealidad en la obra de borges /
Guardado en:
| Autor Principal: | |
|---|---|
| Formato: | Libro |
| Publicado: |
Buenos Aires :
Paidós,
1967
|
| Series: | Letras Argentinas
|
| Materias: | |
| Etiquetas: |
Agregar Etiqueta
Sin Etiquetas, Sea el primero en etiquetar este registro!
|
| LEADER | 00584nam a22001935a 4500 | ||
|---|---|---|---|
| 001 | CEM.cems000859 | ||
| 005 | 20101123115805.0 | ||
| 008 | 130507s1967##################000#0#####d | ||
| 003 | CEMS | ||
| 082 | 0 | 4 | |a A868.4 |
| 100 | 1 | |a Barrenechea, Ana María | |
| 245 | 1 | 0 | |a La expresión de la irrealidad en la obra de borges / |c Ana María Barrenechea |
| 260 | |a Buenos Aires : |b Paidós, |c 1967 | ||
| 300 | |a 270 p. | ||
| 490 | 0 | |a Letras Argentinas | |
| 653 | |a Literatura | ||
| 653 | |a Literatura argentina | ||
| 653 | |a Borges-crítica | ||
| 859 | |a CEMS |b BIB. CEMS - 11 de abril |h A868.4 |i B274 |p 4817.76 |t Ej.1 | ||
